La emresa española (Record no. 146421)

MARC details
000 -LEADER
campo de control de longitud fija 00852nam a2200217 i 4500
001 - NÚMERO DE CONTROL
campo de control 146421
003 - IDENTIFICADOR DE NÚMERO DE CONTROL
campo de control ES-MaACL
005 - FECHA Y HORA DE LA ÚLTIMA TRANSACCIÓN
campo de control 20250902055123.0
007 - CAMPO FIJO DE DESCRIPCIÓN FÍSICA--INFORMACIÓN GENERAL
campo de control de longitud fija t|
008 - DATOS DE LONGITUD FIJA--INFORMACIÓN GENERAL
campo de control de longitud fija 070910s1969 sp ||||1| spa d
080 ## - NÚMERO DE LA CLASIFICACIÓN DECIMAL UNIVERSAL
Número de la Clasificación Decimal Universal 658(46)(049.3)
100 1# - ENTRADA PRINCIPAL--NOMBRE DE PERSONA
Nombre de persona Travesi, Andrés.
9 (RLIN) 187421
245 13 - MENCIÓN DEL TÍTULO
Título La emresa española
Resto del título : diálogos con José Mª Aguirre Gonzalo, Eduardo Barreiros Rodríguez, Antonio Barrera de Irimo... /
Mención de responsabilidad, etc. por Andrés Travesí ; introducción de Bernardino Herrero Nieto.
260 ## - PUBLICACIÓN, DISTRIBUCIÓN, ETC.
Lugar de publicación, distribución, etc. [Madrid] :
Nombre del editor, distribuidor, etc. Asociación para el Progreso de la Dirección,
Fecha de publicación, distribución, etc. [1969]
300 ## - DESCRIPCIÓN FÍSICA
Extensión XI, 215 p. ;
Dimensiones 23 cm.
650 14 - PUNTO DE ACCESO ADICIONAL DE MATERIA--TÉRMINO DE MATERIA
Término de materia o nombre geográfico como elemento de entrada Empresarios-
Subdivisión geográfica España-
Subdivisión de forma Entrevistas
9 (RLIN) 12206
700 1# - ENTRADA AGREGADA--NOMBRE PERSONAL
Nombre de persona Herrero Nieto, Bernardino.
9 (RLIN) 63336
710 2# - ENTRADA AGREGADA--NOMBRE DE ENTIDAD CORPORATIVA
Nombre de entidad corporativa o nombre de jurisdicción como elemento de entrada Asociación para el Progreso de la Dirección.
9 (RLIN) 1775
852 ## - LOCALIZACIÓN
Ubicación ES-MaACL
Número de control de estantería C-46784
Sublocalización o colección R.71314
Holdings
Estatus retirado Estado de pérdida Estado de daño No para préstamo Biblioteca de origen Biblioteca actual Ubicación en estantería Fecha de adquisición Fuente de adquisición Total de préstamos Signatura topográfica completa Código de barras Visto por última vez Precio de reemplazo Tipo de ítem Koha
        Biblioteca del Ateneo de Madrid Biblioteca del Ateneo de Madrid Depósito 2 17/01/2008     C-46784 1152824 23/02/2023 23/02/2023 Libro impreso